000
00364nam a2200133Ia 4500
008
100328s9999 xx 000 0 und d
082
_b
44575
100
_a
प्रभुदेसाई बाळकृष्ण वि.
245
_a
नायक
260
_b
मानसन्मान
630
_a
नायक
730
_a
नायक
942
_c
BOOK
999
_c
532841
_d
532838